Movies Quiz

Random Movies or Disney Quiz

How Titled Was My Movie (Disney) Quiz Stats

 Plays Quiz Updated Apr 5, 2018

Challenge
Share
Tweet
Embed
Score 0/20 Timer 05:00
4 Plays Today
% Correct
Aladdin
96.5%
Pinocchio
96.4%
Cinderella
95.9%
One Hundred and One Dalmatians
95.9%
Snow White and the Seven Dwarfs
95.5%
Dumbo
95.5%
Peter Pan
94.6%
The Lion King
94.1%
Lady and the Tramp
94.1%
The Princess and the Frog
92.3%
% Correct
Beauty and the Beast
92%
Alice in Wonderland
91.6%
Frozen
90.6%
The Little Mermaid
88.2%
The Jungle Book
88%
Chicken Little
87.8%
Mulan
82.6%
Pocahontas
78.6%
Tangled
78.2%
The Emperor's New Groove
78%

You're not logged in!

Compare scores with friends on all Sporcle quizzes.
OR
Log In

You Might Also Like...

Show Comments

Extras

Top Quizzes Today


Score Distribution

Your Account Isn't Verified!

In order to create a playlist on Sporcle, you need to verify the email address you used during registration. Go to your Sporcle Settings to finish the process.

Report this User

Report this user for behavior that violates our Community Guidelines.

Details: